Catálogo
 En Linea

Memoria 2004- 2008: (Registro nro. 50743)

Detalles MARC
000 -CABECERA
campo de control de longitud fija 01351nam a2200265 a 4500
003 - IDENTIFICADOR DEL NÚMERO DE CONTROL
campo de control DO-SdBNP
005 - FECHA Y HORA DE LA ÚLTIMA TRANSACCIÓN
campo de control 20211013141517.0
007 - CAMPO FIJO DE DESCRIPCIÓN FÍSICA--INFORMACIÓN GENERAL
campo de control de longitud fija ta
008 - DATOS DE LONGITUD FIJA--INFORMACIÓN GENERAL
campo de control de longitud fija 211013e2008 dr ao||fr|||| 00| 0 spa d
040 ## - FUENTE DE LA CATALOGACIÓN
Centro catalogador/agencia de origen DO-SdBNP
Lengua de catalogación spa
Centro/agencia transcriptor BNPHU
082 #4 - NÚMERO DE LA CLASIFICACIÓN DECIMAL DEWEY
Número de edición 22
Número de documento/Ítem R426o
110 1# - ENTRADA PRINCIPAL--NOMBRE DE ENTIDAD CORPORATIVA
Nombre de entidad corporativa o nombre de jurisdicción como elemento de entrada República Dominicana
Unidad subordinada Oficina Nacional de la Propiedad Industrial
9 (RLIN) 57555
245 10 - MENCIÓN DE TÍTULO
Título Memoria 2004- 2008:
Resto del título una gestión innovadora, moderna y transparente /
Mención de responsabilidad, etc. ONAPI
260 ## - PUBLICACIÓN, DISTRIBUCIÓN, ETC.
Lugar de publicación, distribución, etc. Santo Domingo :
Nombre del editor, distribuidor, etc. Serigraf,
Fecha de publicación, distribución, etc. 2008
300 ## - DESCRIPCIÓN FÍSICA
Extensión 134 p. :
Otras características físicas il., fot. ;
Dimensiones 27 cm.
505 0# - NOTA DE CONTENIDO CON FORMATO
Título Mensajes del director.-
-- La Oficina Nacional de la Propiedad Industrial.--
-- Una gestión innovadora.--
-- Nuestro compromiso : objetivos estratégicos 2004-2008.--
-- Responsabilidad social.--
-- Institucionalidad : objetivos estratégicos al 2012.--
-- Así nos ven nuestros clientes y relacionados 123.--
-- ONAPI en cifras.
590 ## - NOTA LOCAL (RLIN)
Nota local Inventariado 2021 / MF
610 #0 - PUNTO DE ACCESO ADICIONAL DE MATERIA--NOMBRE DE ENTIDAD CORPORATIVA
9 (RLIN) 74057
Nombre de entidad corporativa o nombre de jurisdicción como elemento de entrada Oficina Nacional de la Propiedad Industrial ONAPI, República Dominicana
650 #4 - PUNTO DE ACCESO ADICIONAL DE MATERIA--TÉRMINO DE MATERIA
Término de materia o nombre geográfico como elemento de entrada Derechos de autor
Subdivisión geográfica República Dominicana
9 (RLIN) 17211
650 #4 - PUNTO DE ACCESO ADICIONAL DE MATERIA--TÉRMINO DE MATERIA
Término de materia o nombre geográfico como elemento de entrada Información industrial
Subdivisión general República Dominicana
9 (RLIN) 80196
650 #4 - PUNTO DE ACCESO ADICIONAL DE MATERIA--TÉRMINO DE MATERIA
Término de materia o nombre geográfico como elemento de entrada Marcas de fábrica
Subdivisión general República Dominicana
9 (RLIN) 80197
650 #4 - PUNTO DE ACCESO ADICIONAL DE MATERIA--TÉRMINO DE MATERIA
Término de materia o nombre geográfico como elemento de entrada Patentes de invención
Subdivisión general República Dominicana
9 (RLIN) 80198
650 #4 - PUNTO DE ACCESO ADICIONAL DE MATERIA--TÉRMINO DE MATERIA
Término de materia o nombre geográfico como elemento de entrada Propiedad industrial
Subdivisión general República Dominicana
9 (RLIN) 80199
942 ## - ELEMENTOS DE PUNTO DE ACCESO ADICIONAL (KOHA)
Fuente del sistema de clasificación o colocación Dewey Decimal Classification
Tipo de ítem Koha Libro
Existencias
Estado de retiro Estado de pérdida Fuente del sistema de clasificación o colocación Restricciones de uso No para préstamo Código de colección Localización permanente Ubicación/localización actual Ubicación en estantería Fecha de adquisición Fuente de adquisición Total de préstamos Signatura topográfica completa Código de barras Fecha visto por última vez Precio válido a partir de Tipo de ítem Koha
    Dewey Decimal Classification Excluido de préstamo   Patrimonio Dominicano Biblioteca Nacional Pedro Henríquez Ureña Patrimonio Dominicano Depósito 13.07.2018 Depósito legal / CERTV   R426o 2021-27364 13.10.2021 13.10.2021 Libro y Folleto Colección Patrimonio Dominicano

Con tecnología Koha